000 01007nam a2200289 i 4500
001 000005039
003 DO-SdBNP
005 20260209103225.0
007 ta
008 260209s190? dr ab 000 0 spa d
040 _aDO-SdBNP
_bspa
_cBNPHU
_erda
041 _aspa
082 _axxxx
_bR426e
_222
110 1 _aRepública Dominicana.
_bSecretaria de Estado de Salud Pública y Asistencia Social
_956549
245 1 0 _aEstudio sobre la situación de los técnicos medios en República Dominicana su formación y utilización en la Secretaria de Estado de Salud pública y Asistencia Social, (SESPAS)
264 _aSanto Domingo :
_bSESPAS,
_c[fecha no identificada]
300 _a85 páginas ;
_c21 cm.
336 _ardacontent
_btexto
_2txt
337 _ardamedia
_bsin mediación
_2n
338 _ardacarrier
_bvolumen
_2nc
590 _aInventariado, 2026/DG
650 4 _aSalud pública
_zRepública Dominicana
_92078
700 _913909
710 _956549
910 _aDG
942 _2ddc
_cLBS1
999 _c60263
_d60263